Southville International School and Colleges
Your cart is empty.
  • Cart
  • Lists
    Public lists list_1 View all
    Your lists Log in to create your own lists
  • Log in to your account
  • Your cookies
  • Search history
Southville International School and Colleges
  • Advanced search
  • Recent comments
  • Most popular
  • Libraries

Log in to your account

Log in with GOOGLE


If you do not have an external account, but do have a local account, you can still log in:

  1. Home
  2. MARC view: Domestic tourism in Asia :
Normal view MARC view ISBD view

Domestic tourism in Asia : (Record no. 305292)

[ view plain ]
MARC details
000 -LEADER
fixed length control field 01132cam a2200325 a 4500
001 - CONTROL NUMBER
control field 15524211
003 - CONTROL NUMBER IDENTIFIER
control field SISC
005 - DATE AND TIME OF LATEST TRANSACTION
control field 20161124131740.0
008 - FIXED-LENGTH DATA ELEMENTS--GENERAL INFORMATION
fixed length control field 081117s2009 enkab b 001 0 eng
010 ## - LIBRARY OF CONGRESS CONTROL NUMBER
LC control number 2008050076
015 ## - NATIONAL BIBLIOGRAPHY NUMBER
National bibliography number GBA8D1683
Source bnb
016 7# - NATIONAL BIBLIOGRAPHIC AGENCY CONTROL NUMBER
Record control number 014821996
Source Uk
020 ## - INTERNATIONAL STANDARD BOOK NUMBER
International Standard Book Number 9781844076604 (hardback)
020 ## - INTERNATIONAL STANDARD BOOK NUMBER
International Standard Book Number 1844076601 (hardback)
035 ## - SYSTEM CONTROL NUMBER
System control number (OCoLC)ocn276141233
040 ## - CATALOGING SOURCE
Original cataloging agency DLC
Transcribing agency DLC
Modifying agency UKM
-- BTCTA
-- YDXCP
-- BWKUK
-- BWK
-- BWX
-- NLGGC
-- CDX
-- DLC
043 ## - GEOGRAPHIC AREA CODE
Geographic area code a------
050 00 - LIBRARY OF CONGRESS CALL NUMBER
Classification number G 155.A74
Item number .D66 2009
082 00 - DEWEY DECIMAL CLASSIFICATION NUMBER
Classification number 338.4/7915
084 ## - OTHER CLASSIFICATION NUMBER
Classification number 76.60
Source of number bcl
245 00 - TITLE STATEMENT
Title Domestic tourism in Asia :
Remainder of title diversity and divergence /
Statement of responsibility, etc edited by Shalini Singh.
260 ## - PUBLICATION, DISTRIBUTION, ETC. (IMPRINT)
Place of publication, distribution, etc London ;
-- Sterling, VA :
Name of publisher, distributor, etc Earthscan,
Date of publication, distribution, etc 2009.
300 ## - PHYSICAL DESCRIPTION
Extent xxviii, 335 pages :
Other physical details illustrations, maps ;
Dimensions 25 cm.
500 ## - GENERAL NOTE
General note Includes bibliographical references and index.
650 #0 - SUBJECT ADDED ENTRY--TOPICAL TERM
Topical term or geographic name as entry element Tourism
Geographic subdivision Asia.
700 1# - ADDED ENTRY--PERSONAL NAME
Personal name Singh, Shalini.
906 ## - LOCAL DATA ELEMENT F, LDF (RLIN)
a 7
b cbc
c orignew
d 1
e ecip
f 20
g y-gencatlg
942 ## - ADDED ENTRY ELEMENTS (KOHA)
Source of classification or shelving scheme Library of Congress Classification
Koha item type Books
Holdings
Withdrawn status Lost status Source of classification or shelving scheme Damaged status Home library Current library Shelving location Date acquired Source of acquisition Total Checkouts Full call number Barcode Date last seen Price effective from Koha item type
    Library of Congress Classification   College Library College Library General Circulation Section 11/24/2016 Library Fund   G 155.A74 .D66 2009 C20802 05/15/2018 11/24/2016 Books

Domestic tourism in Asia :

APA

Singh S., . (2009). Domestic tourism in Asia. London: Earthscan.

Chicago

Singh Shalini, . 2009. Domestic tourism in Asia. London: Earthscan.

Harvard

Singh S., . (2009). Domestic tourism in Asia. London: Earthscan.

MLA

Singh Shalini, . Domestic tourism in Asia. London: Earthscan. 2009.

  • Place hold
  • Print
  • Cite
  • Add to your cart (remove)
  • Save record
    BIBTEX Dublin Core MARCXML MARC (non-Unicode/MARC-8) MARC (Unicode/UTF-8) MARC (Unicode/UTF-8, Standard) MODS (XML) RIS
  • More searches
    Search for this title in:
    Other Libraries (WorldCat) Other Databases (Google Scholar) Online Stores (Bookfinder.com) Open Library (openlibrary.org)

Exporting to Dublin Core...

SOUTHVILLE LIBRARY

Southville International School and Colleges Library

1281 Tropical Ave. Cor. Luxembourg St., BF Homes International, Las Pinas City

Tel. No. 8256374 / 252358 Loc. 117/146

Powered by Koha